000
00357nam a22001337a 4500
003
SGT
020
_a
9788183614085
082
_a
200
_b
U10L
100
_a
लुनिया, कुसुम
245
_a
ऊंची उड़ान: नाटक
260
_b
राधाकृष्ण प्रकाशन
_c
2010
300
_a
115
942
_2
ddc
_c
BK
999
_c
31818
_d
31818